00572 a2200193 4500010001400000020002300014020002600037035001300063037001500076082000800091100001600099245005100115250001100166260004900177270005000226300003400276490004200310650002600352 aENG-86205 a0070660018c165.00 a9780070660014c165.00 aEN-69738 bDBAD / PUB14a0001 aVaid, N. K.1 aCurrent affairs reckoner 2007 /cby N. K. Vaid a4th ed aNew DelhibTata McGraw-Hill Publishingc2007 a7, West Patel NagarbNew DelhicDelhie110008 avarious pagingsc22 cm. (Pbk) aTata Mcgrawhill's Winning Edge Series 0aCurrent affairsz2007